000 00669nam a2200193 a 4500
005 20140412111331.0
008 030210s19uu xx 00 eng d
020 _a0-394-85640-6
050 _aER
_bBe35Tr 1983
100 _aBerenstain, Stan
245 _aBerenstain Bears (The) / :
_cStan & Jan Berenstain.
_band the Truth /
260 _aNew York :
_bRandom House,
_c1983.
300 _a1 v. (unp.) ; ill.
440 _aA First Time Books
520 _aBrother and Sister Bear learn how important it is to tell the truth after they accidentally break Mama Bear's most favorite lamp.
650 _aHonesty--Fiction
650 _aBears--Fiction
999 _c104913
_d104913